=LDR 00000nam 2200000 4500 =001 INLIS000000000050420 =005 20170504094021 =035 ##$$a 0010-0517000073 =007 ta =008 170504###########################0###### =020 ##$$a 978-979-002-548-6 =082 ##$$a 635.6 =084 ##$$a 635.6 SUN t =100 #$$a Sunarjono, Hendro =245 1#$$a Timun suri dan blewah : $b Kandungan dan khasiat, kumpulan resep minuman, panduan bertanam /$c Hendro Sunarjono =250 ##$$a Cet.1 =260 ##$$a Jakarta :$b Penebar Swadaya,$c 2012 =300 ##$$a iv, 100 hlm. : $b Ilus ; $c 23 cm. =650 ##$$a Timun Suri =990 ##$$a 77757775 =990 ##$$a 77757775 =990 ##$$a 31700777 =990 ##$$a 02201707775 =990 ##$$a 31700778 =990 ##$$a 31700777